01264cam a22002534a 45000010009000000050017000090080041000260100017000670200018000840400044001020410013001462450129001592460145002882600123004333000059005565460044006156000039006596000063006986100064007616110083008256500036009086500027009447000039009711578562820190718105654.0190718s2008 sp a b 000 0 spa  a 2009471664 a9788497855280 aCO-BoUCMcSaul NiñodSaul Niñobspa0 aspaaeng00aMutis y la Real expedición botánica del Nuevo Reyno de Granadacedición científica, Ma. Pilar de San Pío Aladrén33aMutis and the royal botanical expedition of the nuevo reyno de Granadab[Mutis y la Real expedición botánica del Nuevo Reino de Granada] aBarcelonabLunwerg EditoresbReal Jardín Botánico, Consejo Superior de Investigaciones Científicas, Madridc2008 a359 páginasbilustracionese1 Folleto (60 páginas) aTexto en español. Folleto en inglés10aMutis, José Celestinod1732-180810aMutis, José Celestinod1732-1808xHerbariosvCatálogos20aReal Jardín Botánico (España)bHerbariosvCatálogos20aReal Expedición Botánica del Nuevo Reino de Granadad(1783-1816)xHistoria 7aBotánica xHistoriazColombia 7aBotánicos zEspaña1 aSan Pío Aladrén, Pilareeditor